| 000 | 00459nam a22001697a 4500 | ||
|---|---|---|---|
| 020 | _a8185246491 | ||
| 082 |
_aS4 _bKAP/J |
||
| 100 | _aKapila Dev Dvivedi | ||
| 245 |
_aJayatu surabharati: _ba collecion of sanskrit essays/ _cby Kapila Dev Dvivedi |
||
| 250 | _a1st. | ||
| 260 |
_aJhanpur: _bViswabharati Anusandhan Parishad, _c2006. |
||
| 300 | _a114p. | ||
| 650 | _aEssays Sanskrit | ||
| 650 | _aLiterature Sanskrit | ||
| 650 | _aLiterature | ||
| 942 | _cBK | ||
| 999 |
_c65446 _d65446 |
||